[Event "Copenhagen Chess Challenge 2011"]
[Site "Ballerup"]
[Date "2011.05.21"]
[Round "7"]
[White "Hein, Jacob"]
[Black "Pawlak, Wojciech Zbigniew"]
[Result "1/2-1/2"]
[WhiteElo "1577"]
[BlackElo "1645"]
[PlyCount "26"]
[EventDate "2011.??.??"]
[EventType "swiss"]
[EventRounds "9"]
[EventCountry "DEN"]

1. e4 c6 2. Nc3 d5 3. d4 dxe4 4. Nxe4 Bf5 5. Ng3 Bg6 6. f4 e6 7. Nf3 Nd7 8. Bd3
Bxd3 9. Qxd3 Ngf6 10. O-O Be7 11. f5 O-O 12. fxe6 fxe6 13. Ng5 Rf7 1/2-1/2

[Event "Copenhagen Chess Challenge 2011"]
[Site "Ballerup"]
[Date "2011.05.22"]
[Round "8"]
[White "Hagen, Andreas Skytte"]
[Black "Danielsen, Henrik"]
[Result "1/2-1/2"]
[WhiteElo "2346"]
[BlackElo "2545"]
[PlyCount "169"]
[EventDate "2011.??.??"]
[EventType "swiss"]
[EventRounds "9"]
[EventCountry "DEN"]

1. e4 c5 2. Nf3 d6 3. d4 cxd4 4. Nxd4 Nf6 5. Nc3 g6 6. Be3 Bg7 7. f3 a6 8. Qd2
Nbd7 9. g4 h6 10. O-O-O b5 11. h4 h5 12. g5 Nh7 13. f4 Bb7 14. f5 gxf5 15. g6
Bxd4 16. Bxd4 Nhf6 17. gxf7+ Kxf7 18. Bh3 e5 19. Be3 b4 20. Bxf5 bxc3 21. Qxd6
Qe7 22. Bxd7 cxb2+ 23. Kxb2 Qxd6 24. Rxd6 Nxe4 25. Re6 Ng3 26. Rg1 Rad8 27.
Rxg3 Rxd7 28. Rxe5 Bd5 29. Bd4 Rh7 30. Rgg5 Be6 31. c3 Bg4 32. Ra5 Rd6 33. Rac5
Ke6 34. Rg6+ Kd7 35. Rcg5 Rxg6 36. Rxg6 Be6 37. Bg7 Ke7 38. Rg5 Kf7 39. Bd4 Bg4
40. Rc5 Rh6 41. Rc7+ Ke8 42. c4 Kd8 43. Ra7 Rc6 44. Kc3 Be6 45. c5 Kc8 46. Rh7
Bg4 47. Kb4 Re6 48. Kc4 Rg6 49. Be5 Bf3 50. Kb4 Rc6 51. Bd6 Be2 52. a4 Kd8 53.
a5 Bf3 54. Kc3 Ke8 55. Kd4 Bg4 56. Ke5 Rc8 57. Ra7 Be2 58. Ke6 Bc4+ 59. Kf6 Kd8
60. Rh7 Be2 61. Rg7 Bg4 62. Ke5 Bd1 63. Ke6 Bb3+ 64. Kf6 Bd1 65. Ra7 Be2 66.
Kf7 Rc6 67. Kf8 Bg4 68. Rg7 Be2 69. Rg5 Kd7 70. Rg7+ Kd8 71. Kf7 Bc4+ 72. Kg6
Be2 73. Kg5 Bd1 74. Ra7 Be2 75. Rh7 Rc8 76. Re7 Bg4 77. Kf4 Bd1 78. Ke5 Bb3 79.
Kf6 Bd1 80. Kf7 Rc6 81. Kf8 Bg4 82. Rb7 Bd1 83. Rh7 Bg4 84. Rg7 Bd1 85. Kf7
1/2-1/2

[Event "Copenhagen Chess Challenge 2011"]
[Site "Ballerup"]
[Date "2011.05.22"]
[Round "8"]
[White "Hector, Jonny"]
[Black "Tikkanen, Hans"]
[Result "1/2-1/2"]
[WhiteElo "2585"]
[BlackElo "2560"]
[PlyCount "111"]
[EventDate "2011.??.??"]
[EventType "swiss"]
[EventRounds "9"]
[EventCountry "DEN"]

1. e4 c5 2. Nf3 e6 3. c3 Nf6 4. e5 Nd5 5. d4 cxd4 6. cxd4 d6 7. Bc4 Nb6 8. Bd3
Nc6 9. a3 dxe5 10. dxe5 Nd7 11. Be4 Ndxe5 12. Qxd8+ Kxd8 13. Nxe5 Nxe5 14. Nc3
f5 15. Bg5+ Be7 16. O-O-O+ Ke8 17. Bxe7 Kxe7 18. Bxf5 exf5 19. Rhe1 Be6 20.
Rxe5 Kf6 21. f4 Rad8 22. g4 Rxd1+ 23. Kxd1 Rd8+ 24. Ke1 g6 25. g5+ Ke7 26. Ke2
a6 27. Ke3 Kd6 28. b4 Rc8 29. Kd3 Bf7 30. Re3 Rc4 31. Ne2 a5 32. bxa5 Ra4 33.
Kc2 Rxa5 34. Nc3 Rc5 35. Rh3 Rc7 36. Rd3+ Ke7 37. Rd4 Bc4 38. a4 b5 39. axb5
Bxb5 40. Rb4 Bc4 41. Rb6 Rd7 42. Rc6 Bf7 43. Nb5 Rd5 44. Rc7+ Kf8 45. Rb7 Kg8
46. Kc3 Rc5+ 47. Kd2 Rc6 48. Nd4 Ra6 49. h4 Ra2+ 50. Kc3 Ra3+ 51. Kb4 Rh3 52.
Kc5 Rxh4 53. Rb8+ Kg7 54. Rb7 Kg8 55. Rb8+ Kg7 56. Rb7 1/2-1/2

[Event "Copenhagen Chess Challenge 2011"]
[Site "Ballerup"]
[Date "2011.05.22"]
[Round "8"]
[White "Haub, Thorsten Michael"]
[Black "Westerinen, Heikki"]
[Result "1/2-1/2"]
[WhiteElo "2459"]
[BlackElo "2350"]
[PlyCount "95"]
[EventDate "2011.??.??"]
[EventType "swiss"]
[EventRounds "9"]
[EventCountry "DEN"]

1. g3 c5 2. Bg2 Nc6 3. d3 g6 4. e4 Bg7 5. Nf3 d6 6. O-O e5 7. c3 Nge7 8. Nbd2
O-O 9. Nh4 Bf6 10. Ndf3 Kg7 11. Qd2 Ng8 12. b4 b6 13. a4 Rb8 14. Rb1 Be6 15. b5
Na5 16. c4 h6 17. Bh1 Bg4 18. Qe3 Ra8 19. Ng2 a6 20. Bd2 axb5 21. axb5 Qd7 22.
Qe2 Bh3 23. Rfc1 Bxg2 24. Bxg2 Ra7 25. Ne1 Nb7 26. Nc2 Ra2 27. Ra1 Rfa8 28. Qd1
Nd8 29. Bc3 Ne6 30. Bh3 Qd8 31. Ne3 Bg5 32. Rxa2 Rxa2 33. Rc2 Rxc2 34. Nxc2 Kh7
35. Qa1 Qb8 36. Bxe6 fxe6 37. Ne1 h5 38. Ng2 Bh6 39. Qa6 Nf6 40. h3 Ne8 41. Qa4
Nc7 42. Qd1 Qf8 43. g4 hxg4 44. Qxg4 Qf6 45. h4 Ne8 46. Ne1 Ng7 47. Ng2 Nh5 48.
Kf1 1/2-1/2

[Event "Copenhagen Chess Challenge 2011"]
[Site "Ballerup"]
[Date "2011.05.22"]
[Round "8"]
[White "Teplyi, Igor"]
[Black "Smith, Axel"]
[Result "1/2-1/2"]
[WhiteElo "2387"]
[BlackElo "2450"]
[PlyCount "57"]
[EventDate "2011.??.??"]
[EventType "swiss"]
[EventRounds "9"]
[EventCountry "DEN"]

1. d4 Nf6 2. c4 e6 3. Nf3 d5 4. g3 Be7 5. Bg2 O-O 6. O-O dxc4 7. Qa4 Qd5 8. Nc3
Qc6 9. Qc2 Qa6 10. Bg5 Nc6 11. e3 Bd7 12. Qe2 Nd5 13. Bxe7 Ncxe7 14. Ne5 Nxc3
15. bxc3 Bc6 16. Bxc6 Nxc6 17. Nd7 Rfc8 18. Nc5 Qa3 19. Nxb7 Rab8 20. Rab1 Qxc3
21. Rfc1 Qd3 22. Qxd3 cxd3 23. Rxc6 d2 24. Rd1 Rxb7 25. Rxd2 Rb6 26. Rc5 Ra6
27. Rb2 Kf8 28. Rbc2 Ke8 29. Rxc7 1/2-1/2

[Event "Copenhagen Chess Challenge 2011"]
[Site "Ballerup"]
[Date "2011.05.22"]
[Round "8"]
[White "Andersen, Mads"]
[Black "Fries Nielsen, Jens Ove"]
[Result "0-1"]
[WhiteElo "2431"]
[BlackElo "2386"]
[PlyCount "66"]
[EventDate "2011.??.??"]
[EventType "swiss"]
[EventRounds "9"]
[EventCountry "DEN"]

1. e4 c6 2. d4 Na6 3. Nc3 Nc7 4. Be3 Nf6 5. f3 g6 6. Qd2 b5 7. g4 h5 8. g5 Nh7
9. d5 e5 10. O-O-O b4 11. Na4 cxd5 12. exd5 d6 13. Qxb4 Nxg5 14. f4 exf4 15.
Bxf4 Be7 16. Nc3 O-O 17. Bd3 Na6 18. Bxa6 Bxa6 19. h4 Nh7 20. Ne4 Rb8 21. Qa3
Qb6 22. Bxd6 Bxd6 23. Nxd6 Nf6 24. c4 Bxc4 25. Nxc4 Rfc8 26. Kb1 Rxc4 27. Nf3
Ra4 28. Qc3 Ne4 29. Qc2 Rc4 30. Qg2 Rb4 31. b3 Rxb3+ 32. axb3 Qxb3+ 33. Ka1
Qa3+ 0-1

[Event "Copenhagen Chess Challenge 2011"]
[Site "Ballerup"]
[Date "2011.05.22"]
[Round "8"]
[White "Bromann, Thorbjorn"]
[Black "Matthiesen, Martin"]
[Result "1/2-1/2"]
[WhiteElo "2405"]
[BlackElo "2242"]
[PlyCount "122"]
[EventDate "2011.??.??"]
[EventType "swiss"]
[EventRounds "9"]
[EventCountry "DEN"]

1. b3 g6 2. Bb2 Nf6 3. e4 d6 4. g3 Bg7 5. Bg2 e5 6. Ne2 O-O 7. O-O c5 8. f4 Nc6
9. h3 Re8 10. Nbc3 Nd4 11. d3 Bd7 12. Nxd4 cxd4 13. Ne2 h5 14. Qd2 Rc8 15. c3
dxc3 16. Bxc3 Qb6+ 17. Rf2 Qa6 18. Raf1 Bb5 19. Nc1 exf4 20. a4 Bd7 21. Bxf6
Bxf6 22. Qxf4 Re6 23. Qe3 Qb6 24. Qxb6 axb6 25. Ne2 Kg7 26. d4 Rc2 27. d5 Re7
28. Rxf6 Rxe2 29. Rxd6 b5 30. a5 f5 31. Rb6 fxe4 32. Rc1 Rd2 33. d6 Rf7 34.
Bxe4 Bc6 35. Bxc6 bxc6 36. Rf1 Rxd6 37. a6 Rxf1+ 38. Kxf1 Rd3 39. a7 Rd1+ 40.
Ke2 Ra1 41. Rb7+ Kf6 42. Kd3 Ke5 43. Rg7 c5 44. Kc3 Kd5 45. h4 c4 46. Rxg6 Rxa7
47. Rg5+ Ke4 48. b4 Ra3+ 49. Kc2 Kd4 50. Rxb5 Rxg3 51. Rxh5 Rg2+ 52. Kd1 c3 53.
b5 Kd3 54. Rd5+ Kc4 55. Rg5 Rh2 56. b6 Rxh4 57. b7 Rh1+ 58. Kc2 Rh2+ 59. Kc1
Rb2 60. Rg4+ Kc5 61. Rg3 Kc4 1/2-1/2

[Event "Copenhagen Chess Challenge 2011"]
[Site "Ballerup"]
[Date "2011.05.22"]
[Round "8"]
[White "Lindgren, Philip"]
[Black "Mikkelsen, Nikolaj"]
[Result "0-1"]
[WhiteElo "2126"]
[BlackElo "2401"]
[PlyCount "60"]
[EventDate "2011.??.??"]
[EventType "swiss"]
[EventRounds "9"]
[EventCountry "DEN"]

1. c4 g6 2. Nc3 Bg7 3. d4 d6 4. e4 e5 5. Nf3 Nc6 6. d5 Nce7 7. Be2 f5 8. Ng5
Nf6 9. exf5 Nxf5 10. O-O O-O 11. Re1 Nd4 12. Bf1 Ng4 13. f3 Nh6 14. g3 Nf7 15.
Nge4 Bf5 16. Bg2 c6 17. Be3 Qd7 18. Rc1 Bxe4 19. Nxe4 cxd5 20. cxd5 Qb5 21.
Bxd4 exd4 22. Qb3 Qxb3 23. axb3 Ne5 24. Rf1 Nd3 25. Rc7 Nxb2 26. Nxd6 Be5 27.
Rd7 Bxd6 28. Rxd6 d3 29. Rf2 Rac8 30. Rd7 Rf7 0-1

[Event "Copenhagen Chess Challenge 2011"]
[Site "Ballerup"]
[Date "2011.05.22"]
[Round "8"]
[White "Rewitz, Poul"]
[Black "Thorhallsson, Throstur"]
[Result "0-1"]
[WhiteElo "2289"]
[BlackElo "2392"]
[PlyCount "138"]
[EventDate "2011.??.??"]
[EventType "swiss"]
[EventRounds "9"]
[EventCountry "DEN"]

1. d4 d5 2. c4 dxc4 3. e3 Nf6 4. Bxc4 e6 5. Nf3 a6 6. a4 c5 7. O-O Nc6 8. Nc3
cxd4 9. exd4 Be7 10. d5 exd5 11. Nxd5 Nxd5 12. Qxd5 Be6 13. Qxd8+ Nxd8 14. Bxe6
Nxe6 15. Be3 O-O 16. Rfd1 Rfd8 17. Kf1 Kf8 18. Rac1 Rxd1+ 19. Rxd1 Ke8 20. Rc1
Rd8 21. Ke2 Rd5 22. Rc3 Bc5 23. Bxc5 Nxc5 24. b3 Kd7 25. Nd2 b5 26. axb5 axb5
27. Re3 Ne6 28. g3 Kc6 29. Re4 Nd4+ 30. Ke3 Nf5+ 31. Ke2 Nd4+ 32. Ke3 Ne6 33.
h4 Rc5 34. Nf3 Rc3+ 35. Ke2 Rc2+ 36. Ke3 Rb2 37. Nd2 g6 38. g4 Ra2 39. Nf3 Rb2
40. Nd2 Kd5 41. Rb4 Kc5 42. Re4 Kd6 43. Rb4 Nc7 44. Kd3 Ra2 45. Rd4+ Ke6 46. f4
Ra1 47. Re4+ Kd6 48. Re5 Nd5 49. Ne4+ Kc6 50. f5 Rd1+ 51. Ke2 Rh1 52. fxg6 hxg6
53. h5 gxh5 54. gxh5 Rxh5 55. Rxh5 Nf4+ 56. Ke3 Nxh5 57. Kd4 Nf4 58. Nf6 Ne6+
59. Ke5 Nc5 60. Ng4 b4 61. Nh6 Nxb3 62. Nxf7 Kc5 63. Ke4 Kc4 64. Ne5+ Kc3 65.
Nc6 Nd2+ 66. Ke3 b3 67. Nd4 Nc4+ 68. Ke4 b2 69. Ne2+ Kd2 0-1

[Event "Copenhagen Chess Challenge 2011"]
[Site "Ballerup"]
[Date "2011.05.22"]
[Round "8"]
[White "Bulski, Krzysztof"]
[Black "Kvisvik, Brede"]
[Result "1-0"]
[WhiteElo "2482"]
[BlackElo "2175"]
[PlyCount "153"]
[EventDate "2011.??.??"]
[EventType "swiss"]
[EventRounds "9"]
[EventCountry "DEN"]

1. e4 e5 2. Nf3 Nc6 3. Bb5 a6 4. Ba4 Nf6 5. O-O Be7 6. Re1 b5 7. Bb3 O-O 8. d4
d6 9. c3 Bg4 10. Be3 Na5 11. Bc2 Nc4 12. Bc1 c5 13. b3 Nb6 14. Be3 Qc7 15. Nbd2
Rac8 16. d5 Rfe8 17. h3 Bxf3 18. Qxf3 Bf8 19. Nf1 Nbd7 20. g4 g6 21. Ng3 h6 22.
Qe2 Bg7 23. Kg2 b4 24. Qxa6 bxc3 25. Qc4 Qa5 26. Ne2 Ra8 27. a4 Reb8 28. Nxc3
Rb4 29. Qe2 c4 30. bxc4 Rb2 31. Qd3 Nc5 32. Bxc5 Qxc5 33. Reb1 Rxb1 34. Rxb1
Rc8 35. Bb3 Nd7 36. Qe3 Qxe3 37. fxe3 Rb8 38. Nb5 Nc5 39. Nxd6 Nxa4 40. Nb5 Nc5
41. Bc2 Ra8 42. Rb2 Bf8 43. Kf3 Ra1 44. Bb1 Kg7 45. Nc7 Kf6 46. Rb5 Nd7 47. Rb2
Bc5 48. Bd3 Ke7 49. Kf2 Ra3 50. Ke2 Ra1 51. Kf2 Ra3 52. Rd2 Ra1 53. Nb5 Kf6 54.
Be2 Rh1 55. Bf1 Kg5 56. Re2 Kh4 57. Nc3 Nf6 58. Ra2 Bb4 59. Ra6 Nd7 60. Na4 h5
61. gxh5 gxh5 62. Rh6 Be7 63. Rh7 Nf6 64. Rxf7 Nxe4+ 65. Kg2 Rxh3 66. Rxe7 Rg3+
67. Kh2 Nd2 68. Bg2 Nxc4 69. Rh7 Rxe3 70. Rb7 Kg5 71. Rb4 Nd6 72. Nc5 Kf5 73.
Rb6 Nc4 74. Rh6 Kg5 75. d6 Nb6 76. Rh8 Rc3 77. Ne4+ 1-0

[Event "Copenhagen Chess Challenge 2011"]
[Site "Ballerup"]
[Date "2011.05.22"]
[Round "8"]
[White "Brondt, Nicolai Kvist"]
[Black "Pedersen, Steffen"]
[Result "0-1"]
[WhiteElo "2151"]
[BlackElo "2441"]
[PlyCount "58"]
[EventDate "2011.??.??"]
[EventType "swiss"]
[EventRounds "9"]
[EventCountry "DEN"]

1. d4 d5 2. Nf3 Nf6 3. c4 e6 4. Bg5 dxc4 5. e4 c5 6. Nc3 cxd4 7. Qxd4 Qxd4 8.
Nxd4 a6 9. Bxc4 b5 10. Bd3 Bb7 11. f3 Nbd7 12. Ke2 Ne5 13. Bc2 Rc8 14. Rad1 Bb4
15. Nb1 Nc4 16. b3 Ne5 17. Be3 O-O 18. a3 Be7 19. Rd2 h6 20. Rhd1 Rfe8 21. Bg1
Nfd7 22. f4 Ng6 23. g3 Nf6 24. Kf3 e5 25. fxe5 Nxe5+ 26. Ke2 Nxe4 27. Bxe4 Bxe4
28. Ke3 Bxb1 29. Rxb1 Bg5+ 0-1

[Event "Copenhagen Chess Challenge 2011"]
[Site "Ballerup"]
[Date "2011.05.22"]
[Round "8"]
[White "Fries Nielsen, Niels Jorgen"]
[Black "Eriksson, Christian Altenburg"]
[Result "1-0"]
[WhiteElo "2326"]
[BlackElo "2139"]
[PlyCount "115"]
[EventDate "2011.??.??"]
[EventType "swiss"]
[EventRounds "9"]
[EventCountry "DEN"]

1. g3 d5 2. Bg2 c6 3. Nf3 Nf6 4. d3 Bg4 5. Nbd2 Nbd7 6. h3 Bh5 7. O-O e5 8. e4
dxe4 9. dxe4 Bc5 10. Qe2 O-O 11. Rd1 Qc7 12. Nf1 Rfe8 13. c3 Rad8 14. Bg5 Be7
15. Ne3 Bg6 16. Nh4 Nc5 17. Nef5 Ne6 18. Be3 Bf8 19. Qf3 Nc5 20. Qe2 Ncxe4 21.
Rxd8 Rxd8 22. Bxa7 Nc5 23. Bxc5 Bxc5 24. b4 Ba7 25. Re1 Re8 26. c4 Bxf5 27.
Nxf5 Qd7 28. g4 g6 29. Rd1 Bd4 30. Nxd4 exd4 31. Qd3 Qd6 32. c5 Qf4 33. Qxd4
Re1+ 34. Bf1 Qxd4 35. Rxd4 Nd5 36. Kg2 Rb1 37. a3 g5 38. Bc4 Nf4+ 39. Kf3 Rc1
40. h4 h6 41. hxg5 hxg5 42. Ke4 Kg7 43. Ke5 Rc3 44. a4 Ra3 45. a5 Ra4 46. Bb3
Ra3 47. Bd1 Ne6 48. Rd7 Ra1 49. Bb3 Re1+ 50. Kf5 Nf4 51. Rxf7+ Kh6 52. Rf6+ Kg7
53. Rd6 Rb1 54. Rd7+ Kf8 55. Kxg5 Nh3+ 56. Kf6 Ke8 57. Rd3 Nxf2 58. Bf7+ 1-0

[Event "Copenhagen Chess Challenge 2011"]
[Site "Ballerup"]
[Date "2011.05.22"]
[Round "8"]
[White "Andreasen, Per"]
[Black "Johansson, Linus"]
[Result "0-1"]
[WhiteElo "2269"]
[BlackElo "2131"]
[PlyCount "50"]
[EventDate "2011.??.??"]
[EventType "swiss"]
[EventRounds "9"]
[EventCountry "DEN"]

1. Nf3 Nf6 2. c4 e6 3. g3 b6 4. Bg2 Bb7 5. O-O c5 6. Nc3 a6 7. b3 d6 8. Bb2 Qc7
9. e3 Be7 10. d4 cxd4 11. exd4 O-O 12. d5 e5 13. Nh4 Re8 14. f4 exf4 15. Rxf4
Nbd7 16. Nf5 Bf8 17. Ne4 Nxe4 18. Bxe4 Ne5 19. Qh5 g6 20. Nh6+ Bxh6 21. Qxh6 f5
22. Bxf5 gxf5 23. Rxf5 Qc5+ 24. Kg2 Bxd5+ 25. cxd5 Qc2+ 0-1

[Event "Copenhagen Chess Challenge 2011"]
[Site "Ballerup"]
[Date "2011.05.22"]
[Round "8"]
[White "Skovgaard, Ib"]
[Black "Rostgaard, Tobias Valentin"]
[Result "0-1"]
[WhiteElo "2012"]
[BlackElo "2207"]
[PlyCount "80"]
[EventDate "2011.??.??"]
[EventType "swiss"]
[EventRounds "9"]
[EventCountry "DEN"]

1. e4 c5 2. Nf3 e6 3. d4 cxd4 4. Nxd4 Nc6 5. Nc3 Qc7 6. Be2 a6 7. O-O Nf6 8.
Kh1 Bb4 9. Bg5 Bxc3 10. Bxf6 gxf6 11. bxc3 Qf4 12. Nxc6 bxc6 13. Qd4 Ke7 14. c4
Qd6 15. Qxd6+ Kxd6 16. Rfd1+ Kc5 17. Rab1 h5 18. Rb3 h4 19. Rf3 Rh6 20. e5 fxe5
21. Rxf7 Rh8 22. g4 d5 23. g5 e4 24. g6 e5 25. g7 Rg8 26. Rg1 dxc4 27. c3 Be6
28. Rf6 Bd5 29. Rgg6 Ra7 30. Kg2 e3+ 31. Kh3 Raxg7 32. Rxg7 Rxg7 33. fxe3 Rg2
34. Bg4 Rxa2 35. Bf5 e4 36. Rf8 Rc2 37. Kxh4 Rxc3 38. Bc8 Rxe3 39. Bxa6 c3 40.
Kg5 Rf3 0-1

[Event "Copenhagen Chess Challenge 2011"]
[Site "Ballerup"]
[Date "2011.05.22"]
[Round "8"]
[White "Olsen, Peter Erik"]
[Black "Pedersen, Sven"]
[Result "1/2-1/2"]
[WhiteElo "2241"]
[BlackElo "2125"]
[PlyCount "125"]
[EventDate "2011.??.??"]
[EventType "swiss"]
[EventRounds "9"]
[EventCountry "DEN"]

1. d4 d5 2. c4 c6 3. Nf3 Nf6 4. e3 e6 5. Qc2 Nbd7 6. b3 Bd6 7. Bb2 O-O 8. Nbd2
Qe7 9. Bd3 e5 10. cxd5 cxd5 11. dxe5 Nxe5 12. Nxe5 Bxe5 13. O-O Bg4 14. Rac1
Rac8 15. Qb1 Qd6 16. h3 Bh5 17. Rfe1 Rfd8 18. Rxc8 Rxc8 19. Rc1 Rxc1+ 20. Qxc1
Bxb2 21. Qxb2 Bg6 22. Be2 h6 23. b4 Qc6 24. Bd1 Qb5 25. Nf3 Qd3 26. Bb3 Qb5 27.
a3 Bd3 28. Qd4 Be4 29. Bd1 a5 30. Nd2 axb4 31. axb4 Qc6 32. Nxe4 Nxe4 33. Bb3
Qc1+ 34. Qd1 Qb2 35. Qc2 Qa1+ 36. Kh2 Qe5+ 37. Kg1 Qa1+ 38. Kh2 Qe5+ 39. g3 Qd6
40. Qc8+ Kh7 41. Qf5+ Kg8 42. Bxd5 Nf6 43. Qc8+ Kh7 44. Bxf7 Qxb4 45. Be6 Qe7
46. Bf5+ g6 47. Qe6 Qxe6 48. Bxe6 b5 49. Kg2 Ne4 50. Kf3 Nc5 51. Ba2 b4 52. Bb1
Kg7 53. Ke2 Kf6 54. Kd2 g5 55. f3 Ke5 56. g4 Kd5 57. f4 Nb3+ 58. Kd3 Nc5+ 59.
Kd2 Nb3+ 60. Kc2 Nc5 61. Kd2 Nb3+ 62. Kc2 Nc5 63. Kd2 1/2-1/2

[Event "Copenhagen Chess Challenge 2011"]
[Site "Ballerup"]
[Date "2011.05.22"]
[Round "8"]
[White "Molvig, Henrik"]
[Black "Lodahl, Holger"]
[Result "1-0"]
[WhiteElo "2180"]
[BlackElo "1939"]
[PlyCount "79"]
[EventDate "2011.??.??"]
[EventType "swiss"]
[EventRounds "9"]
[EventCountry "DEN"]

1. d4 d5 2. c4 e6 3. Nc3 c5 4. Nf3 Nc6 5. cxd5 exd5 6. g3 Nf6 7. Bg2 Be7 8. O-O
O-O 9. dxc5 Bxc5 10. Na4 Be7 11. Be3 Re8 12. Rc1 Ng4 13. Bf4 Bf6 14. h3 Nge5
15. Nxe5 Nxe5 16. Nc3 Ng6 17. Nxd5 Nxf4 18. gxf4 Rb8 19. b3 Bh4 20. e3 Re6 21.
Qf3 Bd7 22. Rfd1 Bc6 23. Rc2 Qf8 24. Rcd2 Kh8 25. f5 Rd6 26. Qh5 Rh6 27. Qg4
Bd8 28. Qb4 Qe8 29. Rd4 a5 30. Qc4 Bb5 31. Qc5 Be2 32. Re4 Qg8 33. Rd2 Rc6 34.
Qa7 Rc1+ 35. Kh2 Bb5 36. Qxb8 Bc7+ 37. Qxc7 Rxc7 38. Nxc7 Qb8 39. Re7 Kg8 40.
Bd5 1-0

[Event "Copenhagen Chess Challenge 2011"]
[Site "Ballerup"]
[Date "2011.05.22"]
[Round "8"]
[White "Halamus, Agata"]
[Black "Christensen, Janus"]
[Result "1-0"]
[WhiteElo "2047"]
[BlackElo "2148"]
[PlyCount "97"]
[EventDate "2011.??.??"]
[EventType "swiss"]
[EventRounds "9"]
[EventCountry "DEN"]

1. e4 e5 2. Nf3 Nc6 3. Bc4 Bc5 4. c3 Nf6 5. d4 exd4 6. e5 d5 7. Bb5 Ne4 8. cxd4
Bb6 9. Nc3 O-O 10. Bxc6 bxc6 11. O-O Bg4 12. Be3 f6 13. Nxe4 dxe4 14. Qb3+ Qd5
15. Nd2 Kh8 16. exf6 Rxf6 17. a4 a5 18. Rac1 Qf5 19. Nc4 Bf3 20. Ne5 Re8 21.
Rxc6 Rxe5 22. Rxf6 Qxf6 23. dxe5 Qg6 24. g3 Qf5 25. Rd1 Bxd1 26. Qxd1 h6 27.
Bxb6 cxb6 28. Qd6 e3 29. fxe3 Qb1+ 30. Kf2 Qc2+ 31. Kf3 Qf5+ 32. Ke2 Qc2+ 33.
Qd2 Qxa4 34. Kf3 Qb3 35. Ke4 Qc4+ 36. Qd4 Qc6+ 37. Kf5 Kg8 38. e6 Qb5+ 39. Ke4
Qc6+ 40. Ke5 Qb5+ 41. Kd6 Kf8 42. Qf4+ Kg8 43. Ke7 Qxb2 44. Qf7+ Kh7 45. Kf8
Qe5 46. e7 h5 47. Qg8+ Kh6 48. Qh8+ Kg5 49. Qxg7+ 1-0

[Event "Copenhagen Chess Challenge 2011"]
[Site "Ballerup"]
[Date "2011.05.22"]
[Round "8"]
[White "Andersen, Lars Christoff"]
[Black "Poulsen, Iver"]
[Result "1/2-1/2"]
[WhiteElo "2138"]
[BlackElo "2100"]
[PlyCount "131"]
[EventDate "2011.??.??"]
[EventType "swiss"]
[EventRounds "9"]
[EventCountry "DEN"]

1. d4 d5 2. c4 e6 3. Nc3 c6 4. e3 f5 5. f4 Nf6 6. Nf3 Bb4 7. Bd2 O-O 8. Be2
Nbd7 9. O-O b6 10. Nxd5 Nxd5 11. cxd5 Bxd2 12. Qxd2 exd5 13. Rfc1 Bb7 14. b4
Qe7 15. Rab1 a5 16. a3 axb4 17. axb4 Ra3 18. Rc3 Ra4 19. Rc2 Rc8 20. Bd3 g6 21.
h3 b5 22. Ne5 Nb6 23. Qe1 Nc4 24. Re2 Rca8 25. g4 Nxe5 26. dxe5 Ra3 27. Bc2 Bc8
28. gxf5 Bxf5 29. Bxf5 gxf5 30. Qc1 R8a6 31. Qc2 Qe6 32. Rg2+ Kh8 33. Qc5 Ra8
34. Rc1 R3a6 35. Rg5 h6 36. Rg2 Rg8 37. Rcc2 Rxg2+ 38. Rxg2 Ra8 39. Qd6 Qxd6
40. exd6 Rd8 41. Rg6 Kh7 42. Re6 Kg7 43. Kf1 h5 44. Ke2 h4 45. Kd3 Kf7 46. Rh6
Kg7 47. Rxh4 Rxd6 48. Kd4 Re6 49. Kc5 Rxe3 50. Kxc6 d4 51. Rh5 Kg6 52. Rg5+ Kf6
53. Rg1 Rxh3 54. Rd1 d3 55. Kxb5 Rf3 56. Kc5 Rxf4 57. Rxd3 Rf1 58. b5 Rc1+ 59.
Kb6 Rb1 60. Kc6 Ke5 61. b6 Ke4 62. Rd7 f4 63. b7 f3 64. Re7+ Kd3 65. Kc7 Rxb7+
66. Kxb7 1/2-1/2

[Event "Copenhagen Chess Challenge 2011"]
[Site "Ballerup"]
[Date "2011.05.22"]
[Round "8"]
[White "Hvenekilde, Jorgen"]
[Black "Vesterli, Michael E"]
[Result "1/2-1/2"]
[WhiteElo "2127"]
[BlackElo "1959"]
[PlyCount "29"]
[EventDate "2011.??.??"]
[EventType "swiss"]
[EventRounds "9"]
[EventCountry "DEN"]

1. d4 Nf6 2. c4 g6 3. Nc3 Bg7 4. e4 d6 5. Be2 O-O 6. h4 h5 7. f3 c5 8. d5 e6 9.
Bg5 Qb6 10. Qd2 exd5 11. cxd5 Re8 12. Nh3 Nbd7 13. Nf2 Ne5 14. Be3 Bd7 15. a4
1/2-1/2

[Event "Copenhagen Chess Challenge 2011"]
[Site "Ballerup"]
[Date "2011.05.22"]
[Round "8"]
[White "Andersen, Kim Nyvang"]
[Black "Andersen, Rune Egede"]
[Result "0-1"]
[WhiteElo "1931"]
[BlackElo "2063"]
[PlyCount "56"]
[EventDate "2011.??.??"]
[EventType "swiss"]
[EventRounds "9"]
[EventCountry "DEN"]

1. d4 d5 2. c4 dxc4 3. Nf3 Nf6 4. Nc3 a6 5. e4 b5 6. e5 Nd5 7. a4 e6 8. axb5
Nb6 9. bxa6 Rxa6 10. Rxa6 Bxa6 11. Be2 Be7 12. O-O O-O 13. Ne4 Bb7 14. Qc2 h6
15. Be3 Na6 16. Nfd2 Nb4 17. Qb1 Qa8 18. Bf3 Rd8 19. Nc5 Bd5 20. Be4 Qc6 21.
Bh7+ Kh8 22. Nce4 Nd3 23. Nf6 gxf6 24. Bxd3 cxd3 25. Qd1 Rg8 26. g3 Rg6 27. Qh5
Kg7 28. f4 f5 0-1

[Event "Copenhagen Chess Challenge 2011"]
[Site "Ballerup"]
[Date "2011.05.22"]
[Round "8"]
[White "Olsen, Aage"]
[Black "Salomon, Johan"]
[Result "1/2-1/2"]
[WhiteElo "2005"]
[BlackElo "1917"]
[PlyCount "98"]
[EventDate "2011.??.??"]
[EventType "swiss"]
[EventRounds "9"]
[EventCountry "DEN"]

1. e4 c5 2. d4 cxd4 3. c3 d3 4. Bxd3 d6 5. Nf3 g6 6. Bc4 Qc7 7. Qe2 Bg7 8. O-O
Nf6 9. h3 O-O 10. Rd1 Nc6 11. Bg5 Nd7 12. Nbd2 Nc5 13. Qe3 Be6 14. Bf4 Bxc4 15.
Nxc4 b5 16. Qxc5 bxc4 17. Qxc4 Rfc8 18. Rac1 Qb6 19. Qe2 Rab8 20. b3 Qa5 21.
Rd5 Qa3 22. Rc2 Rb6 23. Be3 e6 24. Bc1 Qa6 25. Qxa6 Rxa6 26. Rxd6 Ra5 27. b4
Ra4 28. a3 a5 29. Nd4 Ne5 30. Ra6 Nd3 31. Nc6 Bf6 32. Rxa5 Rxa5 33. Nxa5 Rxc3
34. Rxc3 Bxc3 35. Be3 f5 36. exf5 gxf5 37. Nc4 f4 38. Ba7 Nxb4 39. axb4 Bxb4
40. Bb8 f3 41. g3 h5 42. h4 Kg7 43. Ne5 Kf6 44. Nxf3 Bc3 45. Kg2 Kf5 46. Bd6
Ke4 47. Bf4 Kf5 48. Kh3 Ke4 49. Bb8 Kxf3 1/2-1/2

[Event "Copenhagen Chess Challenge 2011"]
[Site "Ballerup"]
[Date "2011.05.22"]
[Round "8"]
[White "Molvig, Julius"]
[Black "Haubro, Martin"]
[Result "1-0"]
[WhiteElo "1830"]
[BlackElo "2003"]
[PlyCount "59"]
[EventDate "2011.??.??"]
[EventType "swiss"]
[EventRounds "9"]
[EventCountry "DEN"]

1. d4 f5 2. c4 Nf6 3. Nc3 g6 4. g3 Bg7 5. Bg2 d6 6. e4 c6 7. Nge2 Qc7 8. O-O
O-O 9. Bg5 e5 10. Qd2 Nxe4 11. Nxe4 fxe4 12. Bxe4 Qf7 13. d5 Bh3 14. Bg2 Bxg2
15. Kxg2 Qf3+ 16. Kg1 Na6 17. Be7 Rfe8 18. Bxd6 Rad8 19. Ba3 cxd5 20. cxd5 Rxd5
21. Qc2 Qd3 22. Qa4 Red8 23. Nc3 Rd4 24. Qb3+ Qc4 25. Qxb7 R4d7 26. Qf3 Qd3 27.
Qc6 Rc7 28. Qe6+ Rf7 29. Rad1 Nc7 30. Qb3 1-0

[Event "Copenhagen Chess Challenge 2011"]
[Site "Ballerup"]
[Date "2011.05.22"]
[Round "8"]
[White "Langmyhr, Tore"]
[Black "Rimestad, Arild"]
[Result "0-1"]
[WhiteElo "1993"]
[BlackElo "1725"]
[PlyCount "161"]
[EventDate "2011.??.??"]
[EventType "swiss"]
[EventRounds "9"]
[EventCountry "DEN"]

1. c4 f5 2. Nc3 Nf6 3. d4 c6 4. Nf3 d6 5. g3 g6 6. Bg2 Bg7 7. O-O O-O 8. Qc2
Na6 9. a3 Qe8 10. b4 Bd7 11. Bb2 Rc8 12. Nd2 d5 13. c5 Ne4 14. e3 e5 15. dxe5
Bxe5 16. Ne2 Bxb2 17. Qxb2 b6 18. cxb6 axb6 19. Nf4 Nc7 20. Rfd1 g5 21. Ne2 Ne6
22. f3 Nxd2 23. Qxd2 Rd8 24. f4 Qe7 25. Nd4 Nc7 26. Nf3 g4 27. Ne5 Be8 28. Qc3
Rf6 29. Rac1 Rdd6 30. a4 c5 31. bxc5 bxc5 32. Qxc5 Bxa4 33. Rd4 Na6 34. Qa5 Bb3
35. Bxd5+ Bxd5 36. Rxd5 Qb7 37. Rcd1 Qe7 38. Qd2 Rxd5 39. Qxd5+ Kg7 40. Qc4 Kh6
41. Rd7 Qc5 42. Qxc5 Nxc5 43. Rc7 Ne4 44. Rc6 Rxc6 45. Nxc6 Kg6 46. Ne5+ Kf6
47. Kf1 Ke6 48. Ke2 Kd5 49. Nf7 Nc3+ 50. Kd3 Ne4 51. Nh6 Nc5+ 52. Kc3 Ke6 53.
Kd4 Nb3+ 54. Kc3 Nc5 55. Kc4 Ne4 56. Kd4 Nd2 57. e4 Nf3+ 58. Ke3 Nxh2 59. Nxf5
Kf6 60. Nh4 Nf1+ 61. Kf2 Nd2 62. e5+ Ke6 63. Kg2 Ne4 64. Kh2 Nd2 65. Ng2 Nf1+
66. Kg1 Nxg3 67. Kf2 Ne4+ 68. Ke3 Ng3 69. Kf2 Ne4+ 70. Ke3 Nc3 71. Kf2 Ne4+ 72.
Ke3 Nc3 73. Nh4 h5 74. Kd3 Nd5 75. Ke4 Nc3+ 76. Kd3 Nd5 77. Ke4 Ne7 78. f5+ Kf7
79. Kf4 Nc6 80. Ng6 Nd4 81. Nh4 0-1